000 00664nam a22002417a 4500
003 UA-OsUOA
001 74562
007 ta
008 20110412b un ||||| |||| 00| 0 ukr d
100 _aСтруцюк Й.
090 _a821.161.2
_bС87
942 _cBK
040 _aUA-OsUOA
_bukr
_cUA-OsUOA
_dUA-OsUOA
245 _aПід арештом ночі
_bоповідання, новели, есеї
300 _a130 с.
955 _a3
041 _aukr
080 _a821.161.2
020 _a966-8273-16-8
260 _aЛуцьк
_bВісник
_c2004
650 7 _a82 Література. Літературознавство
_2UDC
999 _c360829
_d360829